| 000 | 00908nas a2200265 4500 | ||
|---|---|---|---|
| 001 | BR0802843 | ||
| 003 | BR-BrBNA | ||
| 005 | 20231205112107.0 | ||
| 007 | ta | ||
| 008 | 230509b bl.|||p| |||| 00| 00por d | ||
| 040 |
_aBR-BrBNA _bpor _cBiblioteca Nacional de Agricultura |
||
| 041 | _a(Pt) | ||
| 072 | _aL20; L70; H10 | ||
| 100 | 1 | _aDequech, S.T.B. | |
| 100 | 1 | _aSilva, R.F.P. | |
| 100 | 1 | _aFiuza, L.M. | |
| 245 | 1 | _aInteração entre Spodoptera frugiperda (J.E. Smith)(Lepidoptera: Noctuidade), Campoletis flavicincta (Ashmead)(Hymenoptera: Ichneumonidae)e Bacillus thuringiensis aizawai, em laboratório | |
| 650 | _aLAGARTA | ||
| 650 | _aPRAGA DE PLANTA | ||
| 650 | _aMILHO | ||
| 650 | _aCONTROLE BIOLÓGICO | ||
| 773 | 0 |
_tNeotropical Entomology (Brazil) _xISSN 1519-566X _g(Nov-Dec 2005), v. 34(6) p. 937-944 _wBR0802843 |
|
| 909 |
_a202311 _bLúcia _c55 _dLúcia Elande |
||
| 942 |
_2AGRIS _n0 _cANA |
||
| 999 |
_c196059 _d196059 |
||